Investičný majetok z hľadiska DPH a úprava dane odpočítanej pri investičnom majetku v roku 2017

Platitelia dane, u ktorých v priebehu roku 2017 došlo k zmene účelu použitia investičného majetku podľa § 54 zákona č. 222/2004 Z. z. o dani z pridanej hodnoty v z. n. p. alebo k zmene rozsahu použitia investičného majetku podľa § 54a zákona o DPH, sú povinní v poslednom zdaňovacom období roku 2017...

ver descrição completa

Na minha lista:
Detalhes bibliográficos
Autor principal: Rabatinová, Marcela, 1977-
Formato: Capítulo de Livro
Idioma:eslovaco
Assuntos:
Tags: Adicionar Tag
Sem tags, seja o primeiro a adicionar uma tag!

MARC

LEADER 00000naa a2200000 4500
001 0237515
005 20240502073833.2
041 0 |a slo 
044 |a SK 
245 1 0 |a Investičný majetok z hľadiska DPH a úprava dane odpočítanej pri investičnom majetku v roku 2017  |c Marcela Rabatinová 
520 |a Platitelia dane, u ktorých v priebehu roku 2017 došlo k zmene účelu použitia investičného majetku podľa § 54 zákona č. 222/2004 Z. z. o dani z pridanej hodnoty v z. n. p. alebo k zmene rozsahu použitia investičného majetku podľa § 54a zákona o DPH, sú povinní v poslednom zdaňovacom období roku 2017 vykonať dodatočnú úpravu odpočítanej dane. Ilustračné príklady. 
610 2 0 |a odpočet dane 
610 2 0 |a daňovníci 
610 2 0 |a majetok investičný 
610 2 0 |a dane z hodnoty pridanej 
100 1 |a Rabatinová, Marcela, 1977-